[Event "Prague Summer op-A 5th"]
[Site "Prague"]
[Date "2018.08.03"]
[Round "1"]
[White "Toman, Ondrej"]
[Black "Sargsjan, Karen"]
[Result "1-0"]
[WhiteElo "2231"]
[BlackElo "1911"]
[PlyCount "111"]
[EventDate "2018.08.03"]
[EventType "swiss"]
[EventRounds "9"]
[EventCountry "CZE"]
[SourceTitle "CBM 185 Extra"]
[Source "ChessBase"]
[SourceDate "2018.07.29"]
[SourceVersion "1"]
[SourceVersionDate "2018.07.29"]
[SourceQuality "1"]

1. d4 Nf6 2. Bf4 e6 3. e3 Be7 4. Nf3 Nh5 5. Bd3 Nxf4 6. exf4 c5 7. dxc5 Qa5+ 8. Nc3 Qxc5 9. 0-0 Nc6 10. Ng5 Bxg5 11. Ne4 Qe7 12. Nxg5 d5 13. Qh5 Bd7 14. Rfe1 g6 15. Qh6 0-0-0 16. Qg7 h6 17. Nf3 Kb8 18. a3 Rdg8 19. Qc3 Rc8 20. b4 f6 21. Qb2 g5 22. b5 Na5 23. Nd4 gxf4 24. Nxe6 Bxe6 25. Qb4 Qd7 26. Qxa5 f3 27. b6 a6 28. Bxa6 bxa6 29. Qxa6 Rc6 30. Rab1 Rg8 31. g3 d4 32. Qa4 Rc4 33. Qa7+ Qxa7 34. bxa7+ Kxa7 35. Rxe6 Rxc2 36. Rd6 Rb8 37. Rf1 Rd2 38. Rxf6 Rb3 39. a4 Ra3 40. Rxh6 Rxa4 41. Rf6 Rd3 42. h4 Kb7 43. g4 Rc3 44. Rf4 Kc6 45. Kh2 Kd5 46. Kg3 Raa3 47. Rd1 Rd3 48. Rxd3 Rxd3 49. h5 Ra3 50. h6 d3 51. h7 Ra8 52. Rxf3 Kc4 53. Rxd3 Kxd3 54. g5 Ke4 55. g6 Ra3+ 56. Kg2 1-0

[Event "Prague Golden op 14th"]
[Site "Prague"]
[Date "2018.07.02"]
[Round "3"]
[White "Koper, Stefan"]
[Black "Sargsjan, Karen"]
[Result "1/2-1/2"]
[WhiteElo "1841"]
[BlackElo "1961"]
[PlyCount "128"]
[EventDate "2018.06.30"]
[EventType "swiss"]
[EventRounds "9"]
[EventCountry "CZE"]
[SourceTitle "CBM 185 Extra"]
[Source "ChessBase"]
[SourceDate "2018.07.29"]
[SourceVersion "1"]
[SourceVersionDate "2018.07.29"]
[SourceQuality "1"]

1. d4 e6 2. c4 d5 3. cxd5 exd5 4. Nc3 Nf6 5. Bg5 Be7 6. e3 c6 7. Nf3 Bf5 8. Bd3 Ne4 9. Bxe7 Qxe7 10. Qc2 Nd7 11. Nd2 Ndf6 12. Bxe4 Nxe4 13. Ndxe4 dxe4 14. 0-0 0-0 15. f4 Rad8 16. Ne2 Rfe8 17. Rac1 Bg4 18. Ng3 Rd6 19. Qf2 Bc8 20. Rc5 Rd5 21. Rfc1 g6 22. a3 Bd7 23. b4 Qd6 24. Qc2 f5 25. Ne2 b6 26. Rxd5 Qxd5 27. Qc4 Qxc4 28. Rxc4 Rc8 29. Rc3 Kf7 30. Kf2 Ke6 31. h3 Kd6 32. Rc1 h5 33. Kg3 Ra8 34. Kh4 a5 35. bxa5 Rxa5 36. Rc3 Rb5 37. g4 hxg4 38. hxg4 fxg4 39. Ng3 Bf5 40. Kg5 Rd5 41. Kf6 c5 42. Ne2 g3 43. Nxg3 cxd4 44. exd4 Rxd4 45. Nxf5+ gxf5 46. Kxf5 Rd3 47. Rc8 Rxa3 48. Re8 Ra4 49. Re6+ Kd5 50. Re5+ Kc6 51. Rxe4 Ra3 52. Ke6 b5 53. f5 Ra4 54. Re1 b4 55. f6 Kb5 56. f7 Ra6+ 57. Ke7 Ra7+ 58. Kf6 Rxf7+ 59. Kxf7 b3 60. Ke6 Kc4 61. Ke5 b2 62. Ke4 Kc3 63. Ke3 Kc2 64. Re2+ Kc1 1/2-1/2

[Event "Prague Golden op 14th"]
[Site "Prague"]
[Date "2018.06.30"]
[Round "1"]
[White "Sargsjan, Karen"]
[Black "Cabart, Pavel"]
[Result "1-0"]
[WhiteElo "1961"]
[BlackElo "1724"]
[PlyCount "29"]
[EventDate "2018.06.30"]
[EventType "swiss"]
[EventRounds "9"]
[EventCountry "CZE"]
[SourceTitle "CBM 185 Extra"]
[Source "ChessBase"]
[SourceDate "2018.07.29"]
[SourceVersion "1"]
[SourceVersionDate "2018.07.29"]
[SourceQuality "1"]

1. e4 c5 2. c3 d5 3. exd5 Qxd5 4. Nf3 g6 5. d4 Bg7 6. Be2 Nf6 7. 0-0 cxd4 8. cxd4 0-0 9. Nc3 Qd8 10. Qb3 Nc6 11. Rd1 a6 12. h3 Qc7 13. Be3 Bf5 14. d5 Na5 15. Qb6 1-0

[Event "Plzen op 7th"]
[Site "Plzen"]
[Date "2015.11.28"]
[Round "7"]
[White "Sargsjan, Karen"]
[Black "Domanski, Lukasz"]
[Result "1-0"]
[WhiteElo "1868"]
[BlackElo "2083"]
[PlyCount "35"]
[EventDate "2015.11.22"]
[EventType "swiss"]
[EventRounds "7"]
[EventCountry "CZE"]
[SourceTitle "CBM 169 Extra"]
[Source "ChessBase"]
[SourceDate "2015.12.18"]
[SourceVersion "1"]
[SourceVersionDate "2015.12.18"]
[SourceQuality "1"]

1. e4 e5 2. Nf3 d6 3. d4 exd4 4. Nxd4 Nf6 5. Nc3 Be7 6. Bd3 Nc6 7. Nxc6 bxc6 8. 0-0 0-0 9. f4 d5 10. e5 Bc5+ 11. Kh1 Ng4 12. Qe1 Re8 13. h3 Nh6 14. f5 Bd4 15. Bxh6 gxh6 16. f6 Rxe5 17. Qh4 Bxc3 18. Qxh6 1-0

[Event "Prague Summer op-B 2nd"]
[Site "Prague"]
[Date "2015.08.13"]
[Round "8"]
[White "Sargsjan, Karen"]
[Black "Carlile, Orison"]
[Result "1/2-1/2"]
[WhiteElo "1877"]
[BlackElo "2054"]
[PlyCount "62"]
[EventDate "2015.08.07"]
[EventType "swiss"]
[EventRounds "9"]
[EventCountry "CZE"]
[SourceTitle "EXT 2017"]
[Source "ChessBase"]
[SourceDate "2016.10.25"]
[SourceVersion "1"]
[SourceVersionDate "2016.10.25"]
[SourceQuality "1"]

1. e4 e6 2. d4 d5 3. exd5 exd5 4. Bd3 Bd6 5. Nf3 Ne7 6. 0-0 Bg4 7. Re1 Nd7 8. c3 c6 9. Bg5 f6 10. Bc1 Qc7 11. h3 Bh5 12. Nbd2 g5 13. Qc2 0-0-0 14. c4 dxc4 15. Nxc4 Bb4 16. Nfd2 Nd5 17. a3 Bf8 18. Bf5 Kb8 19. Ne4 Bg6 20. Ng3 N7b6 21. Nxb6 axb6 22. Bxg6 hxg6 23. Qxg6 Bd6 24. Ne4 Bf4 25. Bd2 Bxd2 26. Nxd2 Qf4 27. Nf3 Rxh3 28. gxh3 Qxf3 29. Qe4 Qxh3 30. Qg2 Qxg2+ 31. Kxg2 Nf4+ 1/2-1/2

[Event "Prague Golden op 11th"]
[Site "Prague"]
[Date "2015.06.27"]
[Round "8"]
[White "Pribyl, Viktor"]
[Black "Sargsjan, Karen"]
[Result "1-0"]
[WhiteElo "1699"]
[BlackElo "1933"]
[PlyCount "77"]
[EventDate "2015.06.21"]
[EventType "swiss"]
[EventRounds "9"]
[EventCountry "CZE"]
[SourceTitle "EXT 2017"]
[Source "ChessBase"]
[SourceDate "2016.10.25"]
[SourceVersion "1"]
[SourceVersionDate "2016.10.25"]
[SourceQuality "1"]

1. d4 e6 2. Bf4 Nf6 3. e3 c5 4. Nf3 Nd5 5. Bg3 Qb6 6. Qc1 Nc6 7. c3 Be7 8. Bd3 Nf6 9. Nbd2 d5 10. 0-0 Nh5 11. Bh4 f6 12. g4 g5 13. Bxg5 fxg5 14. gxh5 g4 15. Ne1 e5 16. dxe5 Nxe5 17. Be2 Rg8 18. Ng2 Qf6 19. Qd1 Bd7 20. Kh1 0-0-0 21. a4 Bc6 22. Rg1 Qxf2 23. Rf1 Qxe3 24. Nxe3 d4+ 25. Ng2 d3 26. Rf5 Bd6 27. Bf1 c4 28. a5 Rde8 29. b3 cxb3 30. Nxb3 Be4 31. Rf6 Bc7 32. Nd4 Nc4 33. a6 b6 34. Nb5 Bb8 35. Qb3 Ne3 36. Qf7 Bd5 37. Nxa7+ Bxa7 38. Qxa7 d2 39. Rf7 1-0

[Event "Prague Golden op 11th"]
[Site "Prague"]
[Date "2015.06.22"]
[Round "2"]
[White "Koper, Stefan"]
[Black "Sargsjan, Karen"]
[Result "1/2-1/2"]
[WhiteElo "2017"]
[BlackElo "1933"]
[PlyCount "29"]
[EventDate "2015.06.21"]
[EventType "swiss"]
[EventRounds "9"]
[EventCountry "CZE"]
[SourceTitle "CBM 167 Extra"]
[Source "ChessBase"]
[SourceDate "2015.09.14"]
[SourceVersion "1"]
[SourceVersionDate "2015.09.14"]
[SourceQuality "1"]

1. d4 e6 2. c4 c5 3. d5 exd5 4. cxd5 d6 5. Nc3 Nf6 6. Bg5 Be7 7. Nf3 0-0 8. e3 Bf5 9. Bxf6 Bxf6 10. Bd3 Bxd3 11. Qxd3 Nd7 12. 0-0 a6 13. a4 Rb8 14. a5 Qc7 15. Ne4 1/2-1/2

[Event "Prague Summer op 1st"]
[Site "Prague"]
[Date "2014.08.12"]
[Round "4"]
[White "Benes, Petr1111"]
[Black "Sargsjan, Karen"]
[Result "1-0"]
[WhiteElo "2058"]
[BlackElo "1961"]
[PlyCount "55"]
[EventDate "2014.08.09"]
[EventType "swiss"]
[EventRounds "9"]
[EventCountry "CZE"]
[SourceTitle "CBM 162 Extra"]
[Source "ChessBase"]
[SourceDate "2014.10.17"]
[SourceVersion "1"]
[SourceVersionDate "2014.10.17"]
[SourceQuality "1"]

1. g3 e5 2. c4 Nf6 3. Bg2 Be7 4. Nc3 Nc6 5. e3 0-0 6. Nge2 d6 7. d4 exd4 8. exd4 Bf5 9. a3 a5 10. 0-0 Qc8 11. Re1 Re8 12. Nd5 Nxd5 13. cxd5 Nb8 14. Nc3 Nd7 15. h3 Nf6 16. g4 Bg6 17. f4 h5 18. f5 hxg4 19. hxg4 Bh7 20. Bg5 Nxd5 21. Nxd5 Bxg5 22. Qa4 Qd8 23. Nxc7 Be3+ 24. Rxe3 Rxe3 25. Nxa8 Qxa8 26. Rc1 Kf8 27. Qd7 Re8 28. Rc7 1-0

[Event "Prague Golden op 10th"]
[Site "Prague"]
[Date "2014.06.23"]
[Round "3"]
[White "Pivonka, Michael"]
[Black "Sargsjan, Karen"]
[Result "1/2-1/2"]
[WhiteElo "1578"]
[BlackElo "1982"]
[PlyCount "83"]
[EventDate "2014.06.22"]
[EventType "swiss"]
[EventRounds "9"]
[EventCountry "CZE"]
[SourceTitle "CBM 161 Extra"]
[Source "ChessBase"]
[SourceDate "2014.08.29"]
[SourceVersion "1"]
[SourceVersionDate "2014.08.29"]
[SourceQuality "1"]

1. d4 Nf6 2. Nf3 e6 3. Bg5 Be7 4. Nbd2 d5 5. c4 0-0 6. e3 c5 7. cxd5 exd5 8. dxc5 Bxc5 9. Bd3 h6 10. Bh4 Nc6 11. 0-0 Nb4 12. Nb3 Be7 13. a3 Nxd3 14. Qxd3 Qb6 15. Rac1 Bd7 16. Nfd4 Rac8 17. Rc3 Rxc3 18. bxc3 Bxa3 19. Ra1 Be7 20. Rb1 a6 21. Nd2 Qc7 22. c4 dxc4 23. Qxc4 Rc8 24. Qxc7 Rxc7 25. Bg3 Rc8 26. Rxb7 Rc1+ 27. Nf1 Bc5 28. Nb3 Rb1 29. Nxc5 Bb5 30. h3 Rxf1+ 31. Kh2 Rc1 32. Nb3 Rb1 33. Nd4 Ne4 34. Rb8+ Kh7 35. Rb7 Kg6 36. Rb6+ Nf6 37. Nf3 Kf5 38. Rb7 Nd7 39. e4+ Ke6 40. Nd4+ Ke7 41. Nf5+ Kf6 42. Nd4 1/2-1/2

[Event "Plzen op 5th"]
[Site "Plzen"]
[Date "2013.11.25"]
[Round "2"]
[White "Zak, Jiri"]
[Black "Sargsjan, Karen"]
[Result "0-1"]
[WhiteElo "1684"]
[BlackElo "1962"]
[PlyCount "64"]
[EventDate "2013.11.24"]
[EventType "swiss"]
[EventRounds "7"]
[EventCountry "CZE"]
[SourceTitle "CBM 157 Extra"]
[Source "ChessBase"]
[SourceDate "2013.12.19"]
[SourceVersion "1"]
[SourceVersionDate "2013.12.19"]
[SourceQuality "1"]

1. d4 Nf6 2. c4 g6 3. Nc3 Bg7 4. e4 d6 5. f3 0-0 6. Be3 Nbd7 7. Qd2 e5 8. d5 Nc5 9. b4 Ncd7 10. Bd3 Nh5 11. Nge2 f5 12. 0-0 f4 13. Bf2 Ndf6 14. c5 g5 15. cxd6 cxd6 16. Nb5 g4 17. Rac1 Ne8 18. Rc2 a6 19. Na3 gxf3 20. gxf3 Bh3 21. Bh4 Qxh4 22. Rf2 Rf6 23. Nc1 Rg6+ 24. Kh1 Ng3+ 25. hxg3 fxg3 26. Re2 Bg4+ 27. Kg1 Bxf3 28. Rg2 Bh6 29. Qe1 Bf4 30. Nc4 Rh6 31. Kf1 Qh1+ 32. Rg1 Qxg1+ 0-1

[Event "Jirasek Memorial op 25th"]
[Site "Rakovnik"]
[Date "2013.08.10"]
[Round "1"]
[White "Sargsjan, Karen"]
[Black "Haman, Jakub"]
[Result "0-1"]
[WhiteElo "1940"]
[BlackElo "2170"]
[PlyCount "68"]
[EventDate "2013.08.10"]
[EventType "swiss"]
[EventRounds "9"]
[EventCountry "CZE"]
[SourceTitle "EXT 2014"]
[Source "ChessBase"]
[SourceDate "2013.11.20"]
[SourceVersion "1"]
[SourceVersionDate "2013.11.20"]
[SourceQuality "1"]

1. c4 Nf6 2. Nc3 c5 3. e4 Nc6 4. Nf3 d6 5. Be2 e6 6. 0-0 Be7 7. d4 cxd4 8. Nxd4 a6 9. Be3 0-0 10. a3 Qc7 11. Qc2 Ne5 12. h3 Bd7 13. Rac1 Rac8 14. Qb1 Qb8 15. b3 Rfd8 16. Nf3 Nxf3+ 17. Bxf3 Bc6 18. Bb6 Re8 19. Rfe1 Nd7 20. Be3 b5 21. Be2 Qb7 22. cxb5 axb5 23. a4 b4 24. Nb5 Bxe4 25. Bd3 Bxg2 26. Bxh7+ Kh8 27. Bf4 Rxc1 28. Rxc1 Nf6 29. Bd3 Qf3 30. Be2 Qxh3 31. Bh2 Ng4 32. Bxg4 Qxg4 33. Bg3 Qh3 34. Bh2 Bf3 0-1

[Event "Prague op-B 12th"]
[Site "Prague"]
[Date "2013.??.??"]
[Round "7"]
[White "Sargsjan, Karen"]
[Black "Simkin, Alexander"]
[Result "1/2-1/2"]
[WhiteElo "1957"]
[BlackElo "1855"]
[PlyCount "158"]
[EventDate "2013.01.09"]
[EventType "swiss"]
[EventRounds "9"]
[EventCountry "CZE"]
[SourceTitle "CBM 152 Extra"]
[Source "ChessBase"]
[SourceDate "2013.02.25"]
[SourceVersion "1"]
[SourceVersionDate "2013.02.25"]
[SourceQuality "1"]

1. e4 c5 2. c3 d5 3. exd5 Qxd5 4. d4 Nf6 5. Nf3 Bg4 6. Be2 e6 7. 0-0 cxd4 8. cxd4 Be7 9. Nc3 Qd8 10. Qb3 b6 11. Bb5+ Nbd7 12. Ne5 0-0 13. Nxg4 Nxg4 14. Bf4 Nb8 15. Rad1 Bd6 16. Be5 Bxe5 17. dxe5 Qh4 18. h3 Nxe5 19. f4 Nec6 20. Qa4 Ne7 21. Qe4 a6 22. Qxa8 axb5 23. Nxb5 Nd5 24. Qa3 Nxf4 25. Qf3 Nd5 26. Nd4 Nd7 27. Nf5 Qg5 28. h4 Qf6 29. Qg3 Nc5 30. Ne3 Qxb2 31. Nxd5 exd5 32. Rxd5 Qxa2 33. Qf3 h6 34. Rfd1 Qa8 35. Qg4 Qc8 36. Qxc8 Rxc8 37. Rd8+ Rxd8 38. Rxd8+ Kh7 39. Rc8 h5 40. Rc6 f6 41. Rxb6 Nd7 42. Rb5 Ne5 43. Kf2 Kg6 44. Kg3 Nf7 45. Kf4 Nd6 46. Rb3 Nf5 47. g3 Nd4 48. Rb6 Ne2+ 49. Kf3 Nd4+ 50. Ke4 Nf5 51. Rb2 Nd6+ 52. Kf4 Nc4 53. Rb5 Nd6 54. Rd5 Nf7 55. Rd7 Ne5 56. Ra7 Nd3+ 57. Ke4 Nf2+ 58. Kd5 Ng4 59. Ke6 Nh6 60. Ke7 Nf5+ 61. Kf8 Kh6 62. Ra3 Kg6 63. Rf3 Nd4 64. Re3 Nf5 65. Ra3 Nd4 66. Ra4 Nf5 67. Ra2 Nd4 68. Rd2 Nf5 69. Rf2 Nd4 70. Ke7 Nf5+ 71. Ke6 Nd4+ 72. Kd5 Nf5 73. Rf3 Nh6 74. Ke4 Ng4 75. Rf5 Nh6 76. Ra5 Nf7 77. Rd5 Nh6 78. Kf4 Ng4 79. Ra5 Nh6 1/2-1/2

[Event "Prague op-B 12th"]
[Site "Prague"]
[Date "2013.??.??"]
[Round "5"]
[White "Sargsjan, Karen"]
[Black "Vitek, Jan"]
[Result "1-0"]
[WhiteElo "1957"]
[BlackElo "1835"]
[PlyCount "71"]
[EventDate "2013.01.09"]
[EventType "swiss"]
[EventRounds "9"]
[EventCountry "CZE"]
[SourceTitle "CBM 152 Extra"]
[Source "ChessBase"]
[SourceDate "2013.02.25"]
[SourceVersion "1"]
[SourceVersionDate "2013.02.25"]
[SourceQuality "1"]

1. e4 e5 2. Nf3 Nc6 3. d4 exd4 4. c3 d3 5. Bxd3 Be7 6. Bc4 d6 7. Nd4 Nf6 8. 0-0 0-0 9. Bd3 Ne5 10. Bc2 c5 11. Nf5 Bxf5 12. exf5 Qb6 13. Nd2 Rad8 14. Nf3 Qc6 15. Nxe5 dxe5 16. Qe2 Bd6 17. Bg5 Rd7 18. Rad1 Rfd8 19. Rd3 Bc7 20. Rh3 h6 21. Bc1 Nd5 22. Be4 Qf6 23. g3 Ne7 24. Qg4 Kf8 25. Qf3 b6 26. Kh1 Ng8 27. g4 Qe7 28. Rg1 f6 29. Rhg3 Rd6 30. h4 Qd7 31. g5 Rd1 32. gxh6 Rxg1+ 33. Rxg1 Nxh6 34. Bxh6 gxh6 35. Qh5 Qh7 36. Rg6 1-0

[Event "Ricany op"]
[Site "Ricany"]
[Date "2012.08.28"]
[Round "4"]
[White "Sargsjan, Karen"]
[Black "Pospisil, Martin"]
[Result "1/2-1/2"]
[WhiteElo "1932"]
[BlackElo "2084"]
[PlyCount "76"]
[EventDate "2012.08.26"]
[EventType "swiss"]
[EventRounds "9"]
[EventCountry "CZE"]
[SourceTitle "CBM 150 Extra"]
[Source "ChessBase"]
[SourceDate "2012.10.19"]
[SourceVersion "1"]
[SourceVersionDate "2012.10.19"]
[SourceQuality "1"]

1. e4 c5 2. Nc3 Nc6 3. Bb5 Nd4 4. Bc4 g6 5. d3 Bg7 6. Nge2 e6 7. Bf4 d6 8. 0-0 Ne7 9. Nxd4 cxd4 10. Nb5 e5 11. Bd2 a6 12. Na3 0-0 13. Bb3 d5 14. exd5 Nxd5 15. Re1 b5 16. c4 dxc3 17. bxc3 Bb7 18. Rc1 Qd6 19. c4 Qxa3 20. cxd5 Qd6 21. Qg4 a5 22. d4 exd4 23. Bf4 Qb4 24. d6 a4 25. Bc2 Bd5 26. Bd3 Rae8 27. Rxe8 Rxe8 28. d7 Re1+ 29. Bf1 Bf6 30. Rc8+ Kg7 31. Bh6+ Kxh6 32. Qf4+ Kg7 33. Qxf6+ Kxf6 34. d8Q+ Ke6 35. Qe8+ Kf6 36. Qd8+ Ke6 37. Qe8+ Kf6 38. Qd8+ Ke6 1/2-1/2

[Event "Prague op-A 11th"]
[Site "Prague"]
[Date "2012.01.17"]
[Round "5"]
[White "Kolakovic, Klaudio"]
[Black "Sargsjan, Karen"]
[Result "1-0"]
[WhiteElo "2045"]
[BlackElo "1866"]
[PlyCount "112"]
[EventDate "2012.01.13"]
[EventType "swiss"]
[EventRounds "9"]
[EventCountry "CZE"]
[SourceTitle "CBM 146 Extra"]
[Source "ChessBase"]
[SourceDate "2012.02.29"]
[SourceVersion "1"]
[SourceVersionDate "2012.02.29"]
[SourceQuality "1"]

1. c4 e5 2. g3 Nf6 3. Bg2 Bc5 4. Nc3 0-0 5. Rb1 a5 6. a3 Na6 7. e3 Re8 8. Nge2 c6 9. d4 exd4 10. exd4 Bf8 11. 0-0 d5 12. cxd5 Nxd5 13. Nxd5 cxd5 14. Nc3 Be6 15. Qb3 Qd7 16. Be3 Nc5 17. Qd1 Na6 18. Re1 b5 19. Bf1 Reb8 20. Bf4 Rb7 21. Na2 b4 22. a4 Nc7 23. b3 Be7 24. Bd3 Bf6 25. Rc1 h6 26. Bb1 Ne8 27. Qd2 Nd6 28. Bxd6 Qxd6 29. Rc5 Bg4 30. Qd3 g6 31. Qd2 Kg7 32. Kg2 Re7 33. Rxe7 Bxe7 34. f3 Bd7 35. Rc1 Bg5 36. f4 Bf6 37. Bc2 Qb6 38. Bd1 Bxd4 39. Bf3 Bc6 40. Rxc6 Qxc6 41. Qxd4+ Qf6 42. Qxf6+ Kxf6 43. Kf2 Rc8 44. Bd1 Kf5 45. Kf3 d4 46. Be2 Rc7 47. Bd3+ Ke6 48. Ke4 Rd7 49. Bc4+ Kd6 50. Nc1 Kc5 51. Nd3+ Kb6 52. Ke5 f5 53. Ke6 Rc7 54. h3 Rc8 55. Ne5 Kc5 56. Kd7 Rg8 1-0

[Event "Ricany op-A"]
[Site "Ricany"]
[Date "2011.08.26"]
[Round "8"]
[White "Sargsjan, Karen"]
[Black "Nemec, David"]
[Result "1/2-1/2"]
[WhiteElo "1900"]
[BlackElo "2037"]
[PlyCount "113"]
[EventDate "2011.08.20"]
[EventType "swiss"]
[EventRounds "9"]
[EventCountry "CZE"]
[SourceTitle "CBM 144 Extra"]
[Source "ChessBase"]
[SourceDate "2011.10.28"]
[SourceVersion "1"]
[SourceVersionDate "2011.10.28"]
[SourceQuality "1"]

1. e4 c5 2. c3 Nf6 3. e5 Nd5 4. Nf3 e6 5. d4 cxd4 6. cxd4 d6 7. Bb5+ Bd7 8. Bxd7+ Nxd7 9. 0-0 dxe5 10. dxe5 Be7 11. Nbd2 0-0 12. a3 Qc7 13. Re1 Rfd8 14. Nb3 Rac8 15. Nbd4 a6 16. Bd2 Qb6 17. Rb1 h6 18. Qe2 Bc5 19. Qe4 Bxd4 20. Qxd4 Qxd4 21. Nxd4 Rc4 22. Nf3 Rdc8 23. Rbc1 Kf8 24. g3 Ke7 25. Kf1 Rc2 26. Bc3 Rxc1 27. Rxc1 Nxc3 28. Rxc3 Rxc3 29. bxc3 Nb6 30. Nd2 Kd7 31. Ke2 Kc6 32. Kd3 Nd7 33. Kd4 f6 34. f4 fxe5+ 35. fxe5 Nc5 36. h4 a5 37. g4 a4 38. Nf3 b5 39. g5 Nb3+ 40. Kd3 Kd5 41. gxh6 gxh6 42. h5 Nc5+ 43. Ke3 Kc4 44. Nd4 Kd5 45. Nf3 Ne4 46. Kd3 Ng3 47. Nd4 Nxh5 48. Nxb5 Nf4+ 49. Ke3 Kxe5 50. c4 h5 51. Nc3 h4 52. Kf3 h3 53. Kg3 Kd4 54. Nxa4 Kxc4 55. Nb2+ Kb3 56. Nd1 Kxa3 57. Kxf4 1/2-1/2

[Event "Ricany op-A"]
[Site "Ricany"]
[Date "2011.08.25"]
[Round "7"]
[White "Pavlicek, Petr"]
[Black "Sargsjan, Karen"]
[Result "1-0"]
[WhiteElo "2013"]
[BlackElo "1900"]
[PlyCount "81"]
[EventDate "2011.08.20"]
[EventType "swiss"]
[EventRounds "9"]
[EventCountry "CZE"]
[SourceTitle "CBM 144 Extra"]
[Source "ChessBase"]
[SourceDate "2011.10.28"]
[SourceVersion "1"]
[SourceVersionDate "2011.10.28"]
[SourceQuality "1"]

1. c4 e5 2. Nc3 Nf6 3. Nf3 Nc6 4. g3 d6 5. Bg2 Be7 6. d4 exd4 7. Nxd4 Ne5 8. 0-0 0-0 9. b3 c6 10. Qc2 Qc7 11. Bf4 Ng6 12. Bg5 h6 13. Bd2 Re8 14. Rad1 Nf8 15. Nf5 Ne6 16. Nxe7+ Qxe7 17. e4 Rb8 18. Rfe1 Qc7 19. Qd3 Nc5 20. Qd4 Ne6 21. Qxa7 Bd7 22. Qe3 Ng4 23. Qe2 Ne5 24. Be3 Qa5 25. Qc2 Ng5 26. Bxg5 hxg5 27. Rxd6 g4 28. Red1 Be6 29. Ne2 Nf3+ 30. Bxf3 gxf3 31. Nf4 Bg4 32. h3 Bh5 33. Qd2 Qe5 34. Qe3 Ra8 35. a4 f6 36. Nxh5 Qxh5 37. Qf4 Qxh3 38. Qxf3 Ra5 39. Rd8 Rxd8 40. Rxd8+ Kh7 41. Qh1 1-0

[Event "Ricany op-A"]
[Site "Ricany"]
[Date "2011.08.23"]
[Round "5"]
[White "Kovar, Jan1111"]
[Black "Sargsjan, Karen"]
[Result "1/2-1/2"]
[WhiteElo "2002"]
[BlackElo "1900"]
[PlyCount "61"]
[EventDate "2011.08.20"]
[EventType "swiss"]
[EventRounds "9"]
[EventCountry "CZE"]
[SourceTitle "CBM 144 Extra"]
[Source "ChessBase"]
[SourceDate "2011.10.28"]
[SourceVersion "1"]
[SourceVersionDate "2011.10.28"]
[SourceQuality "1"]

1. d4 e6 2. c4 d5 3. Nc3 Nf6 4. Nf3 Be7 5. e3 0-0 6. Bd3 a6 7. cxd5 exd5 8. h3 Re8 9. 0-0 Bd6 10. Qc2 h6 11. Bd2 Nbd7 12. Rac1 Qe7 13. Rfe1 Qd8 14. e4 dxe4 15. Nxe4 Nxe4 16. Bxe4 Nf6 17. Bd3 Be6 18. a3 Rc8 19. b4 c6 20. Ne5 Bc7 21. Rcd1 Qxd4 22. Bg5 Bb3 23. Qxb3 Rxe5 24. Be3 Qh4 25. Bc4 Qh5 26. Bd4 Rxe1+ 27. Rxe1 Re8 28. Rxe8+ Nxe8 29. g4 Qg6 30. Qe3 Nd6 31. Bd3 1/2-1/2

[Event "Ricany op-A"]
[Site "Ricany"]
[Date "2011.08.21"]
[Round "3"]
[White "Sargsjan, Karen"]
[Black "Macek, Kamil"]
[Result "0-1"]
[WhiteElo "1900"]
[BlackElo "2012"]
[PlyCount "54"]
[EventDate "2011.08.20"]
[EventType "swiss"]
[EventRounds "9"]
[EventCountry "CZE"]
[SourceTitle "CBM 144 Extra"]
[Source "ChessBase"]
[SourceDate "2011.10.28"]
[SourceVersion "1"]
[SourceVersionDate "2011.10.28"]
[SourceQuality "1"]

1. e4 c6 2. c4 d5 3. cxd5 cxd5 4. exd5 Nf6 5. Nc3 Nxd5 6. Nf3 Nc6 7. d4 Bg4 8. Be2 e6 9. 0-0 Be7 10. Ne5 Bxe2 11. Qxe2 Nxd4 12. Qg4 Nf5 13. Qa4+ Kf8 14. Nd7+ Kg8 15. Nxd5 exd5 16. Bf4 Bd6 17. Bxd6 Nxd6 18. Rfd1 b5 19. Qg4 h5 20. Qh3 Qg5 21. Rd3 Rc8 22. Rad1 Rc2 23. Qf3 Rh6 24. Rxd5 Qe7 25. Rxd6 Rxd6 26. Qa8+ Kh7 27. Nf8+ Kh6 0-1

[Event "Ricany op-A"]
[Site "Ricany"]
[Date "2011.08.20"]
[Round "1"]
[White "Hrdina, Robin"]
[Black "Sargsjan, Karen"]
[Result "1-0"]
[WhiteElo "2089"]
[BlackElo "1900"]
[PlyCount "147"]
[EventDate "2011.08.20"]
[EventType "swiss"]
[EventRounds "9"]
[EventCountry "CZE"]
[SourceTitle "CBM 144 Extra"]
[Source "ChessBase"]
[SourceDate "2011.10.28"]
[SourceVersion "1"]
[SourceVersionDate "2011.10.28"]
[SourceQuality "1"]

1. e4 c5 2. Nf3 e6 3. d4 cxd4 4. Nxd4 a6 5. Bd3 Qc7 6. 0-0 Nc6 7. Nb3 Nb4 8. Nc3 Nf6 9. Kh1 b6 10. Qe2 Bb7 11. Bd2 h5 12. Rae1 Ng4 13. f4 g5 14. h3 gxf4 15. Bxf4 Ne5 16. Qf2 d6 17. Bxe5 dxe5 18. Rd1 Nc6 19. Na4 Nd4 20. Nxd4 exd4 21. Qxd4 Rg8 22. Qxb6 Qc6 23. Qf2 Rg7 24. Nb6 Rd8 25. Nc4 Qc7 26. Qf4 Qxf4 27. Rxf4 Be7 28. Be2 Rxd1+ 29. Bxd1 h4 30. Bf3 e5 31. Rg4 Rxg4 32. hxg4 f6 33. Kh2 Kf8 34. Kh3 Kg7 35. Ne3 Kg6 36. Nf5 Bc5 37. Kxh4 Bc8 38. Kg3 Be6 39. b3 a5 40. Be2 Kg5 41. Kf3 Bxf5 42. gxf5 Bd4 43. g3 Bc3 44. Ke3 Be1 45. g4 Bb4 46. Kd3 Kf4 47. Kc4 Kxe4 48. Bd3+ Kf4 49. c3 Be7 50. Kd5 Kxg4 51. c4 Kf4 52. c5 e4 53. Bxe4 Bxc5 54. Kxc5 Kxe4 55. Kb5 Kxf5 56. Kxa5 Ke4 57. b4 f5 58. b5 f4 59. b6 f3 60. b7 f2 61. b8Q f1Q 62. Qb4+ Ke3 63. Qc5+ Ke4 64. a4 Qf7 65. Kb6 Qb3+ 66. Qb5 Qe3+ 67. Kb7 Qg3 68. Qc4+ Kf5 69. Qd5+ Kf6 70. Qd4+ Ke6 71. a5 Qf3+ 72. Kb6 Qb3+ 73. Ka7 Qg3 74. Qb6+ 1-0

[Event "Plzen op 2nd"]
[Site "Plzen"]
[Date "2010.12.06"]
[Round "3"]
[White "Sargsjan, Karen"]
[Black "Fischer, Gerd1111"]
[Result "1/2-1/2"]
[WhiteElo "1891"]
[BlackElo "1969"]
[PlyCount "54"]
[EventDate "2010.12.04"]
[EventType "swiss"]
[EventRounds "9"]
[EventCountry "CZE"]
[SourceTitle "CBM 139 Extra"]
[Source "ChessBase"]
[SourceDate "2011.01.05"]
[SourceVersion "1"]
[SourceVersionDate "2011.01.05"]
[SourceQuality "1"]

1. e4 e6 2. d4 d5 3. exd5 exd5 4. Nf3 Bd6 5. c4 c6 6. c5 Be7 7. Bd3 Nf6 8. 0-0 0-0 9. Qc2 Bg4 10. Ne5 Bh5 11. Nc3 Bg6 12. Nxg6 hxg6 13. Ne2 b6 14. b4 a5 15. Bd2 axb4 16. Bxb4 Na6 17. a3 Nd7 18. Bxa6 Rxa6 19. Qd3 b5 20. Nc3 Ra8 21. Rfe1 Re8 22. Re3 Bg5 23. Re2 Rxe2 24. Nxe2 Nf8 25. Rd1 Ne6 26. h3 Nf4 27. Nxf4 Bxf4 1/2-1/2